[Event "Abu Dhabi President Cup"]
[Site "Abu Dhabi"]
[Date "2022.12.17"]
[Round "2"]
[White "Ahmed, Mohammad Showain"]
[Black "Hazza, Salah Mohammed"]
[Result "0-1"]
[WhiteElo "1094"]
[BlackElo "1378"]
[PlyCount "66"]
[EventDate "2022.12.16"]
[EventType "swiss"]
[EventRounds "9"]
[EventCountry "UAE"]
[SourceTitle "CBM 212 Extra"]
[Source "ChessBase"]
[SourceDate "2023.03.31"]
[SourceVersion "1"]
[SourceVersionDate "2023.03.31"]
[SourceQuality "1"]

1. e4 e5 2. Nf3 Nc6 3. Bc4 Bc5 4. d3 Nf6 5. c3 0-0 6. 0-0 Na5 7. Bb5 a6 8. Ba4 b5 9. Bc2 Nc6 10. Nbd2 d6 11. Re1 Re8 12. Nf1 Bg4 13. h3 Bh5 14. Ng3 Bg6 15. d4 Bb6 16. dxe5 Nxe5 17. Nxe5 Rxe5 18. Qf3 Qe8 19. Bf4 Re7 20. Re2 Nd7 21. b4 Ne5 22. Bxe5 Rxe5 23. Rd1 Qc6 24. Bb3 Rf8 25. Rd5 a5 26. Rxe5 dxe5 27. Bd5 Qd7 28. a3 c6 29. Ba2 a4 30. c4 Qd4 31. c5 Bc7 32. Nf5 Bxf5 33. Qxf5 Qd1+ 0-1